000 00289nam a22001337a 4500
008 210308b ||||| |||| 00| 0 eng d
041 _aeng
080 _a7
082 _a7
100 _a45
101 _aART
245 _aEigghteenth-Century French Plays
_cBrenner,D.C
942 _2udc
_cBK
999 _c55977
_d55977